Normal view
MARC view
Entry Topical Term
001 - CONTROL NUMBER
- control field: 32582
003 - CONTROL NUMBER IDENTIFIER
- control field: dpl
005 - DATE AND TIME OF LATEST TRANSACTION
- control field: 20110811143820.0
008 - FIXED-LENGTH DATA ELEMENTS
- fixed length control field: 110811|||a|||||| | ||| d
040 ## - CATALOGING SOURCE
- Original cataloging agency: dpl
- Transcribing agency: dpl
150 ## - HEADING--TOPICAL TERM
- Topical term or geographic name as entry element: Communication
- General subdivision: Social aspects
670 ## - SOURCE DATA FOUND
- Source citation: Work cat.: (dpl)45274: Mass communication and society /, 2008
670 ## - SOURCE DATA FOUND
- Source citation: Work cat.: (dpl)45274: Mass communication and society /, 2008
